The state : (Record no. 16231)
[ view plain ]
| 000 -LEADER | |
|---|---|
| fixed length control field | 01228nam a2200289 a 4500 |
| 001 - CONTROL NUMBER | |
| control field | ASIN1403934266 |
| 005 - DATE AND TIME OF LATEST TRANSACTION | |
| control field | 20170105102935.0 |
| 008 - FIXED-LENGTH DATA ELEMENTS--GENERAL INFORMATION | |
| fixed length control field | 151014s2005 xxu eng d |
| 020 ## - INTERNATIONAL STANDARD BOOK NUMBER | |
| International Standard Book Number | 1403934266 (paperback) |
| Terms of availability | $48.00 |
| 020 ## - INTERNATIONAL STANDARD BOOK NUMBER | |
| International Standard Book Number | 9781403934260 (paperback) |
| 040 ## - CATALOGING SOURCE | |
| Original cataloging agency | 0 |
| 050 04 - LIBRARY OF CONGRESS CALL NUMBER | |
| Classification number | JC131 |
| 082 04 - DEWEY DECIMAL CLASSIFICATION NUMBER | |
| Classification number | 320.1 |
| Author Mark | STA 2006 |
| 245 04 - TITLE STATEMENT | |
| Title | The state : |
| Remainder of title | theories and issues / |
| Statement of responsibility, etc. | Colin Hay, Michael Lister, David Marsh. |
| 250 ## - EDITION STATEMENT | |
| Edition statement | 1st |
| 260 ## - PUBLICATION, DISTRIBUTION, ETC. | |
| Place of publication, distribution, etc. | [S.l.] : |
| Name of publisher, distributor, etc. | Palgrave Macmillan, |
| Date of publication, distribution, etc. | 2006. |
| 300 ## - PHYSICAL DESCRIPTION | |
| Extent | 336 p. ; |
| Dimensions | 24 cm. |
| 490 1# - SERIES STATEMENT | |
| Series statement | Political analysis. |
| 520 ## - SUMMARY, ETC. | |
| Summary, etc. | Broad-ranging in its coverage, this major new text introduces all the main competing theoretical approaches to the study of the state as well as key contested issues in relation to globalization, new forms of governance, the changing public/private boundary, changes in the powers and capacities of states, and the differences between advanced liberal democratic and other states. |
| 650 #0 - SUBJECT ADDED ENTRY--TOPICAL TERM | |
| Topical term or geographic name entry element | State, The |
| 700 1# - ADDED ENTRY--PERSONAL NAME | |
| Personal name | Hay, Colin. |
| 700 1# - ADDED ENTRY--PERSONAL NAME | |
| Personal name | Lister, Michael. |
| 700 1# - ADDED ENTRY--PERSONAL NAME | |
| Personal name | Marsh, David. |
| 830 #0 - SERIES ADDED ENTRY--UNIFORM TITLE | |
| Uniform title | Political analysis. |
| 856 40 - ELECTRONIC LOCATION AND ACCESS | |
| Materials specified | Amazon.com |
| Uniform Resource Identifier | <a href="http://www.amazon.com/exec/obidos/ASIN/1403934266/chopaconline-20">http://www.amazon.com/exec/obidos/ASIN/1403934266/chopaconline-20</a> |
| 942 ## - ADDED ENTRY ELEMENTS (KOHA) | |
| Source of classification or shelving scheme | |
| Koha item type | Book |
| Withdrawn status | Lost status | Damaged status | Not for loan | Collection code | Permanent Location | Current Location | Shelving location | Date acquired | Total Checkouts | Full call number | Barcode | Date last seen | Price effective from | Koha item type |
|---|---|---|---|---|---|---|---|---|---|---|---|---|---|---|
| Centre for International Peace & Stability (CIPS) | Centre for International Peace & Stability (CIPS) | General Stacks | 10/14/2015 | 320.1 STA 2006 | CIPS0002685 | 10/14/2015 | 10/14/2015 | Book |
